[Event "Hoersching op 1st"]
[Site "Hoersching"]
[Date "2013.03.26"]
[Round "5"]
[White "Charaus, Florian"]
[Black "Manzenreiter, Klaus"]
[Result "1-0"]
[WhiteElo "1823"]
[BlackElo "1673"]
[PlyCount "115"]
[EventDate "2013.03.22"]
[EventType "swiss"]
[EventRounds "7"]
[EventCountry "AUT"]
[SourceTitle "CBM 153 Extra"]
[Source "ChessBase"]
[SourceDate "2013.04.22"]
[SourceVersion "1"]
[SourceVersionDate "2013.04.22"]
[SourceQuality "1"]

1. Nf3 d5 2. d4 Nf6 3. c4 e6 4. cxd5 exd5 5. Bg5 c6 6. Nc3 Be7 7. e3 Bg4 8. h3 Bf5 9. Be2 Nbd7 10. 0-0 0-0 11. Rc1 Ne4 12. Nxe4 Bxe4 13. Bf4 Nf6 14. Qb3 Qb6 15. Qxb6 axb6 16. a3 b5 17. Nd2 Bf5 18. g4 Be6 19. Bd1 b4 20. a4 h6 21. f3 Nh7 22. Kg2 f5 23. Nb3 fxg4 24. hxg4 Rf7 25. Nc5 Bc8 26. Nd3 Bg5 27. Bxg5 Nxg5 28. Nxb4 Re7 29. Re1 Bd7 30. Nd3 Nf7 31. b4 Rae8 32. Kf2 Re6 33. Nc5 R6e7 34. Bb3 Bc8 35. Nd3 Ng5 36. Ne5 Kh7 37. Bc2+ Kg8 38. Bg6 Rf8 39. f4 Be6 40. b5 cxb5 41. axb5 Nf7 42. Bxf7+ Bxf7 43. Rc5 Rd8 44. Rec1 Kh7 45. Rc7 Rxc7 46. Rxc7 Be8 47. b6 Rb8 48. Nd7 Rd8 49. Ne5 Rb8 50. Kf3 Bb5 51. e4 dxe4+ 52. Kxe4 Re8 53. d5 Kg8 54. Rxb7 Ba6 55. Ra7 Bf1 56. b7 Bg2+ 57. Kd4 Rd8 58. Ra8 1-0

[Event "Hoersching op 1st"]
[Site "Hoersching"]
[Date "2013.03.23"]
[Round "2"]
[White "Manzenreiter, Klaus"]
[Black "Woess, Helmut"]
[Result "0-1"]
[WhiteElo "1673"]
[BlackElo "1416"]
[PlyCount "84"]
[EventDate "2013.03.22"]
[EventType "swiss"]
[EventRounds "7"]
[EventCountry "AUT"]
[SourceTitle "CBM 153 Extra"]
[Source "ChessBase"]
[SourceDate "2013.04.22"]
[SourceVersion "1"]
[SourceVersionDate "2013.04.22"]
[SourceQuality "1"]

1. d4 Nf6 2. Bg5 e6 3. c4 Be7 4. Nc3 0-0 5. e3 c6 6. Bd3 d5 7. cxd5 exd5 8. Qc2 Nbd7 9. Nf3 Re8 10. Ne5 Nf8 11. h3 N6d7 12. Bf4 Nxe5 13. Bxe5 Bf6 14. Bxf6 Qxf6 15. Ne2 Re7 16. Rd1 Be6 17. Nf4 g6 18. Rd2 Bd7 19. h4 Qxf4 20. h5 Qf6 21. Re2 Bg4 22. hxg6 fxg6 23. f3 Bd7 24. Kd2 Rae8 25. b4 Qd6 26. a3 b5 27. Rh4 Qf6 28. Rf4 Qg5 29. Rxf8+ Rxf8 30. Qc1 Rfe8 31. f4 Qg3 32. Qg1 a6 33. Bc2 Rf8 34. Bd3 Bf5 35. Qe1 Qxe1+ 36. Rxe1 Bxd3 37. Kxd3 h5 38. Rh1 Kg7 39. Rh4 Rfe8 40. Rh3 Kf6 41. Rf3 Kf5 42. g3 Kg4 0-1

[Event "Hoersching op 1st"]
[Site "Hoersching"]
[Date "2013.03.22"]
[Round "1"]
[White "Hoebarth, Guenter"]
[Black "Manzenreiter, Klaus"]
[Result "1-0"]
[WhiteElo "1938"]
[BlackElo "1673"]
[PlyCount "33"]
[EventDate "2013.03.22"]
[EventType "swiss"]
[EventRounds "7"]
[EventCountry "AUT"]
[SourceTitle "CBM 153 Extra"]
[Source "ChessBase"]
[SourceDate "2013.04.22"]
[SourceVersion "1"]
[SourceVersionDate "2013.04.22"]
[SourceQuality "1"]

1. e4 c5 2. g3 Nc6 3. Bg2 d6 4. Ne2 e5 5. c3 Be7 6. d3 Nf6 7. 0-0 0-0 8. Na3 a6 9. Nc2 Be6 10. f4 exf4 11. Nxf4 Bg4 12. Qe1 Qc8 13. Ne3 Nd7 14. Nxg4 Nde5 15. Nxe5 Nxe5 16. Qe2 Bg5 17. Nd5 1-0